000 00509pab a2200169 454500
008 180718b1998 xxu||||| |||| 00| 0 eng d
100 _aKochar, Anjini
245 _aEvaluating family support for the elderly: the intra household allocation of medical expenditures in rural Pakistan
260 _c1998
300 _ap.621-36
362 _aApr
650 _aOld age - Pakistan
650 _aElderly - Pakistan
650 _aElderly
773 _aEconomic Development and Cultural Change
909 _a41323
999 _c41323
_d41323